Premarital guidance. (Record no. 14620)

000 -LEADER
fixed length control field 00594nam a2200193 a 4500
001 - CONTROL NUMBER
control field :::00012452$&:&@@
003 - CONTROL NUMBER IDENTIFIER
control field OkBaRHE
005 - DATE AND TIME OF LATEST TRANSACTION
control field 20000607103419.0
008 - FIXED-LENGTH DATA ELEMENTS--GENERAL INFORMATION
fixed length control field s1963 j 000 0 eng u
040 ## - CATALOGING SOURCE
Transcribing agency
100 1# - MAIN ENTRY--PERSONAL NAME
Personal name Dicks, Russel L., 1906-
245 10 - TITLE STATEMENT
Title Premarital guidance.
260 ## - PUBLICATION, DISTRIBUTION, ETC. (IMPRINT)
Place of publication, distribution, etc Englewood Cliffs, NJ., :
Name of publisher, distributor, etc Prentice-Hall, Inc.
Date of publication, distribution, etc c1963
300 ## - PHYSICAL DESCRIPTION
Extent 141 p. ;
Dimensions 21 cm.
490 0# - SERIES STATEMENT
Series statement Successful pastoral counseling series.
650 ## - SUBJECT ADDED ENTRY--TOPICAL TERM
Topical term or geographic name as entry element Marriage
942 ## - ADDED ENTRY ELEMENTS (KOHA)
Source of classification or shelving scheme
Koha item type Books
Copies
Damaged status Date acquired Price effective from Permanent Location Not for loan Full call number Koha item type Barcode Date last seen Source of classification or shelving scheme Lost status Copy number Withdrawn status Shelving location
 2010-04-142010-04-14RHEMA Bible Training College HQ 734 .D612Books124522010-04-14  1 General Stacks